| 000 | 00376nam a2200145Ia 4500 | ||
|---|---|---|---|
| 008 | 230312s9999||||xx |||||||||||||| ||und|| | ||
| 020 | _a9781118875285 | ||
| 082 |
_a004.6 _bBOO-V |
||
| 100 | _aKeane,Julie | ||
| 245 | 0 | _aMedia production and analysis : an introduction | |
| 260 |
_bWiley _aCanada _c2014 |
||
| 300 | _a343 | ||
| 650 |
_aMasscom _vElectronic books |
||
| 942 | _cBK | ||
| 999 |
_c17917 _d17917 |
||